| 000 | 00723nam a22002177a 4500 | ||
|---|---|---|---|
| 999 |
_c15397 _d15397 |
||
| 003 | AR-CdUCM | ||
| 008 | 190305b ||||| |||| 00| 0 spa d | ||
| 040 |
_aMUNICIPALIDAD PROVINCIAL DEL CUSCO _cBIBLIOTECA MUNICIPAL DEL CUSCO |
||
| 082 |
_a918.5 / _bM64 / 1947 _22ed. |
||
| 100 |
_aMiró Quesada Sosa, Aurelio _9616 |
||
| 245 | _aCosta, sierra y montaña / | ||
| 260 |
_aLima : _bCvltura antártica,, _c1947. |
||
| 300 |
_a430 páginas ; _bMapa, ilustraciones, _c29 cm. |
||
| 505 | _aContenido: Ancash -- Junín -- Huanuco -- Moquegua -- Tacna ... | ||
| 650 |
_aPerú _92178 |
||
| 650 |
_aLa costa _934454 |
||
| 650 |
_aSiglo XX _98 |
||
| 650 |
_aLa sierra _934455 |
||
| 942 |
_2ddc _cLIBROS |
||
| 945 |
_awnts _d2019-04-27 |
||